00482nam a2200181 a 450000100060000000300090000600800410001502000150005604000280007108200170009910000320011624500420014825000060019026000450019630000110024149000240025265000240027610950CO-ViMGA141112s2004 ck r 000 u spa d a9586120155 aCO-ViMGAbspacCO-ViMGA04aCo863.6 M15h1 aMaldonado Perez, Guillermo 10aHistorias de bosque seco montano bajo a1 aInstituto Colombiano de Cultura , c1986 a109 p. aColección popular14aCUENTOS COLOMBIANOS